=LDR 00000nam 2200000 4500 =001 INLIS000000000005808 =005 20130612094016 =008 ***********************************Ind** =035 ##$$0010-061300000005808 =041 ##$$a Ind =082 ##$$a 201 =090 ##$$a 201, Eve k =100 ##$$a EVELY, Louis =245 ##$$a Kaulah orangnya, Louis Evely =260 ##$$a 1979 $b Ende =300 ##$$a 352 hlm, 16 cm =850 ##$$a NBPNMAT